000 00321nam a2200109Ia 4500
008 200302s9999 xx 000 0 und d
100 _aMatthew Carmona and Others
245 _aPublic spaces urban spaces the dimensions of urban design 2nd ed
260 _bTaylor and francis group Publishd
260 _c2010
300 _a394
999 _c5946
_d5946